000 00397nam a22001697a 4500
003 MPLRDC
005 20220104114205.0
008 210129b ||||| |||| 00| 0 eng d
082 _a782.878 CX-2
100 _a德龄郡主 原著
245 _a慈禧外传
_c
250 _a初版
260 _a
_b大夏出版社
_c1978
300 _b
650 _a慈禧传记
942 _cBK
_o782.878 CX-2
999 _c5535
_d5525